000 00770nam a2200229Ii 4500
003 JO-AjNU
008 230605s9999||||xx |||||||||||||| ||und||
017 _a2006/5/1266
020 _a9957-24-253-9
040 _aJO-AjNU
_bara
_erda
_cJO-AjNU
041 _aara
050 1 4 _aDS79.76.H3466 2006
100 3 _aتاليف الحفيظ، عماد محمد ذياب,
_eauthor
_97834
245 0 0 _aالصراع الطائفي وتأثيره على البيئة
250 _aط1
264 3 1 _aعمان: دار الصفاء، 2006
300 _a168ص
336 _atext
_btxt
_2rdacontent
337 _aunmediated
_bn
_2rdamedia
338 _avolume
_bnc
_2rdacarrier
650 4 _aالصراع الطبقي-العراق-الاحوال السياسية- البيئة
_97835
999 _aA480
_c4048
_d4048